[Event "Match 69_120'/40"]
[Site "Zürich"]
[Date "2022.??.??"]
[Round "46"]
[White "Mephisto Almeria 68000"]
[Black "Excel Mach III 68000"]
[Result "0-1"]
[WhiteElo "2079"]
[BlackElo "2021"]
[Annotator "KUT"]
[PlyCount "107"]
[EventDate "2022.??.??"]

{[%evp 0,107,19,38,25,41,14,-5,-15,-6,0,18,4,-7,65,14,9,-25,-8,-61,-17,20,103,
107,95,91,113,52,119,0,0,-86,-86,-87,-87,-82,-63,-75,-75,-75,-84,-86,-67,-83,
-67,-73,-50,-67,-66,-99,-76,-75,-117,-120,-106,-120,-89,-109,-50,-85,-82,-175,
-185,-176,-198,-233,-245,-262,-268,-289,-295,-414,-455,-445,-445,-470,-504,
-492,-529,-530,-531,-531,-547,-555,-564,-556,-556,-532,-488,-488,-546,-709,
-774,-774,-781,-781,-771,-781,-617,-895,-732,-777,-850,-1424,-1104,-1452,-1631,
-28309,-28346,-1628]} 1. e4 e5 {Match 120'/40 | Bediener: Rolf Bühler | 46.
Partie: Schwarz (Mach III) gewinnt | Zwischenstand: 25,5-20,5 (55,4%) für den
Mephisto Almeria 68000 | Im so genannten Läuferspiel eröffnet der Mach III
nach dem letzten Eröffnungszug seines Gegners mit einer falschen Kombination
ein taktisches Feuerwerk, das beide Programme überfordert. Der Mephisto
Almeria findet jedoch die Widerlegung ebenso wenig wie spätere
Ausgleichsmöglichkeiten. Und so erzielt der Fidelity Excel Mach III 68000
einen nicht programmgemässen Sieg.} 2. Bc4 Nf6 3. d3 c6 4. Nf3 d5 5. Bb3 Bd6
6. Nc3 dxe4 7. dxe4 Na6 {***ENDE BUCH***} 8. Bg5 Nc5 {Drückt auf das
gegnerische Zentrum, vor allem e4, und behält sich offen, den weissen
Angriffsläufer auf b3 zu beseitigen.} 9. Qd2 {Eher würde man den Damenzug
nach e2 erwarten.} Bg4 {Auch 9...h6 kam gut in Frage, um den gegnerischen
Läufer zur Klärung zu zwingen.} 10. O-O-O {***ENDE BUCH***} {[#]} Nfxe4 $2 {
Damit leitet der Excel Mach III 68000 komplexe taktische Verwicklungen ein,
die für Schwarz nicht gut ausgehen sollten, denen aber offenbar beide
Programme nicht gewachsen sind. Man könnte auch sagen: Schwarz spielt auf
Verlust. Das amerikanische Programm ändert auch innert 10 Min auf ST 7 und
einer positiven Bewertung von +1.25 seine Meinung nicht. Dabei verfügt
Schwarz mit 10...Lxf3 oder 10...Sxb3+ oder 10...Lc7 drei Fortsetzungen, die
den Ausgleich sicherstellen.} 11. Nxe4 Nxe4 {Endlich, bei ST 1/7 sinkt die
schwarze Bewertung auf läppische -0.48, was bei weitem zu wenig pessimistisch
ist.} 12. Qe3 Nxg5 {Dass der Mach III keinen Durchblick hat, zeigt auch, dass
seine Bewertung bei ST 1/7 wieder auf +0.29 gestiegen ist.} 13. Nxg5 Bxd1 {
Nach über 12 Min auf ST 1/7 meint der Mach III nur -0.08 gegen sich, wobei er
14.Txd1? erwartet wie der Mephisto Almeria. Somit sind also beide Programme
selbst hier noch ahnungslos.} 14. Rxd1 $2 {[%mdl 32768] Der Mephisto Almeria
68000 verpasst den mit 14.Lxf7+ möglichen Gewinn.} (14. Bxf7+ Ke7 15. Rxd1 h6
16. Ne4 $16 {und Weiss steht mehr als deutlich besser, bzw. auf Gewinn.}) 14...
Qe7 $11 {Auf einen Schlag ist wieder alles im Lot.[#]} 15. Rxd6 $2 {Obwohl
gefährlich aussehend, bringen 15.Lxf7+ Kd7 oder 15.Sxf7 Lc5 dem Weissen
nichts Konkretes, aber wenigstens gleiches Spiel. Der Textzug hingegen
gewährt Schwarz langfristig eine gewonnene Stellung.} Qxd6 16. Nxf7 Qd7 17.
Nxh8 O-O-O {Hoppla: Die Mattdrohung auf d1 hat zur Folge, dass der weisse
Springer auf h8 nicht mehr herauskommt und erobert wird.} 18. c3 Rxh8 {Jetzt
hat Schwarz die Qualität mehr. Und auch wenn Weiss noch einen Bauern
kassieren kann, ist die Lage des Programms von Richard Lang nicht zu beneiden.}
19. Qxa7 Re8 20. Bc4 Qd8 {Sowohl ...e4 als auch ...Kc7 sind exakter, aber
Schwarz will mit Dg5+ offenbar den g2-Bauer gewinnen.} 21. g3 Qg5+ 22. Kc2 Qg6+
{Stärker ...Td8 oder ...Df5+} 23. Kb3 Kc7 24. h4 $6 {Eine gehörige
Entlastung hätte 24.a4! gebracht mit der Drohung, a5 folgen zu lassen, was
der weissen das Feld b6 einräumt und zudem a6 drohen würde.} e4 25. Ba6 Qe6+
26. Kc2 Rb8 {Vorübergehend muss sich der Turm passiv aufstellen. Auch das
zeigt, daas Schwarz nicht die besten Fortsetzungen gefunden hat.} 27. Be2 Qf5
28. g4 Qf4 29. Kb1 g6 {Wohl kein Oldie käme auf 29...e3, gemäss ShashChess
21.1 die beste Fortsetzung.} ({ShashChess 21.1:} 29... e3 30. Qxe3 Qxe3 31.
fxe3 Re8 32. Bd3 h6 33. Kc2 Rxe3 34. b4 Kd6 35. Bf5 b5 36. h5 c5 37. bxc5+ Kxc5
38. Kd2 Rh3 39. Kc2 b4 40. cxb4+ Kxb4 41. Be6 Re3 42. Bf5 Kc5 43. Kd2 Ra3 44.
Be6 Rg3 45. Kc2 Kd4 46. Bf5 Rc3+ 47. Kb2 Kc4 48. Be6+ Kb4 49. Bb3 Re3 50. Bd1
Rg3 51. Kc2 Kc4 52. Kd2 Kd4 53. Kc2 Rg2+ 54. Kb3 Kc5 55. a4 Rg3+ 56. Kc2 Kd4
57. Kd2 Ra3 58. Ke2 Rd3 59. Bc2 Re3+ 60. Kd2 Ra3 61. Kc1 Kc3 62. Kb1 Kb4 63.
Kc1 Rg3 {-2.86 bei ST 46}) 30. h5 $6 {Sieht nicht unlogisch aus, aber vor
deutlich stärkeren Problemen stünde Schwarz nach 30.Da5+.} Qd2 $1 {Dieser
Angriff auf den Läufer vergrössert den schwarzen Vorteil wieder massgeblich;
der Läufer darf nicht flüchten wegen dem Grundlinienmatt.} 31. Qe3 Rd8 {
Auch der Damentausch gewinnt.} 32. hxg6 hxg6 33. Qg3+ (33. Qxe4 $4 {scheitert
an} Qe1+ 34. Kc2 Rd2+ 35. Kb3 Qxe2 {und Schwarz besitzt einen Turm mehr.})
33... Rd6 34. Qe3 b5 $6 {Dieser Vorstoss funktioniert zufälligerweise, aber
überlässt der gegnerischen Dame eine Reihe von Schachs und der Mach III
konnte das bestimmt nicht richtig abschätzen.} (34... Qxe3 35. fxe3 Rd2 36.
Bc4 Rg2 37. Be6 Rg3 38. a4 Rxe3 $19 {war die einfachste Lösung des
Stellungsproblems.}) 35. Qa7+ Kd8 36. Qb6+ Ke8 37. Qb8+ Kd7 38. Qb7+ Ke6 39.
Qc8+ Kf7 40. Qc7+ Rd7 $1 {Das gewinnt, geht doch der Le2 verloren. Seit 34...
b5 sind 13 Halbzüge gespielt, also weit über dem Rechenhorizont des
amerikanischen Programms.} 41. Qxc6 Qe1+ 42. Kc2 Qxe2+ {Damit ist der Kampf
entschieden.} 43. Kb3 Qd1+ 44. Kb4 Qa4+ 45. Kc5 Qc4+ 46. Kb6 Qxc6+ 47. Kxc6 Rd2
48. Kc5 Kf6 49. c4 bxc4 50. Kxc4 Kg5 51. Kc3 Rd8 52. Kb4 Kxg4 53. a4 Kf3 54.
Kc5 {***AUFGEGEBEN***} 0-1

[Event "Match 69_120'/40"]
[Site "Zürich"]
[Date "2022.??.??"]
[Round "47"]
[White "Excel Mach III 68000"]
[Black "Mephisto Almeria 68000"]
[Result "1-0"]
[WhiteElo "2021"]
[BlackElo "2079"]
[Annotator "KUT"]
[PlyCount "64"]
[EventDate "2022.??.??"]

{[%evp 0,64,19,31,83,77,77,64,74,77,86,60,56,89,48,48,56,56,69,58,64,70,74,72,
72,71,88,76,76,63,98,85,136,139,209,212,196,218,225,225,226,234,234,234,270,
252,276,286,281,316,309,283,290,268,499,606,606,600,604,622,795,803,804,819,
1164,1209,1311]} 1. e4 d6 {Match 120'/40 | Bediener: Rolf Bühler | 47. Partie:
Weiss (Mach III) gewinnt | Zwischenstand: 25,5-21,5 (54,2%) für den Mephisto
Almeria 68000 | Schwarz behandelt die Pirc-Eröffnung nicht systemkonform und
gerät insbesondere mit seiner zu früh ins Kampfgeschehen eingreifenden Dame
in Schwierigkeiten. Zwar erobert der Mach III nur einen Bauern, aber bei
gleichzeitig entscheidendem positionellem Vorteil. Der weisse Freibauer auf
der c-Linie treibt schliesslich die schwarze Stellung endgültig ins Elend und
zwingt den Gegner zur baldigen Partieaufgabe. Ein hochverdienter Sieg für das
Programm von Kathe & Dan Spracklen aus den USA.} 2. d4 Nf6 3. Nc3 g6 4. Nf3 Bg7
5. Be2 O-O 6. O-O {***ENDE BUCH***} Bg4 {***ENDE BUCH***} 7. h3 {Der Mephisto
Almeria hat nur 7.Le3 im Buch.} Bxf3 8. Bxf3 c6 9. Be3 Nbd7 10. Qd2 (10. a4 {
um den raumgreifenden Vorstoss b7-b5 zu verhindern, ist eine gute Alternative.}
) 10... e6 $2 {[%mdl 32768] Schwarz versteht die Stellung überhaupt nicht,
was diese passive Fortsetzung, die viel zu wenig für das Zentrum tun,
bescheinigt. Angebracht sind Züge wie 10...e5 oder 10...Dc7, ebenfalls zur
Vorbereitung von e7-e5. Der Mephisto Almeria 16bit sieht sich -0.24 negativ
und erwartet 11.Lf4?! e5!} 11. Rae1 $6 {Hier waren 11.Tad1 oder 11.a4 stärker,
zumal die Wahrscheinlichkeit sehr gering ist, dass sich die e-Linie öffnen
wird.} Qb6 {Wenn schon ein Zug mit der Dame, dann eher nach a5. Bewertung -0.
12 von Mephisto Almeria 16bit in Erwartung von b2-b3.} 12. Rb1 {Das bestätigt
bereits die Sinnlosigkeit von 11.Tae1, hat Weiss doch nun ein Tempo verloren.}
d5 $6 {Wider den Geist der Stellung gespielt. Schwarz sollte noch immer mit
dem Vorstoss e7-e5 liebäugeln und deshalb 12...Dc7 antworten. Der Mephisto
Almeria 16bit sieht sich bei ST 05/13 (e5) mit -0.06 negativ.} 13. e5 Ne8 14.
Na4 $6 {Objektiv betrachtet waren natürlich alle Fortsetzungen, die aktives
Spiel am Königsflügel begünstigen, besser, also z.B. Lg4 und Le2 mit der
Idee, rasch f2-f4 folgen zu lassen. Aber auch das Zentrum stützende Se2 kommt
in Frage.} (14. b4 $5 {ist ein interessanter Zugvorschlag des Programms von
Richard Lang.}) 14... Qb5 $6 {Das Programm von Richard Lang hat in dieser
Partie keine glückliche Hand mit dem Einsatz seiner Dame. Sie sollte nach c7
oder d8 zurück. Auf der Diagonale a6-f1 ist sie stets dem lästigen Angriff
Le2 ausgesetzt.} 15. b3 {[#]} c5 $2 {Ein normal wirkender Vorstoss, der jedoch
auf eine vorhandene taktische wie strategische Widerlegung trifft. Absolut
notwendig waren ...a5 oder ...Da6. Indessen glaubt der Mephisto Almeria 16bit,
mit dem Vorstoss 15...c5? auszugleichen.} 16. c4 $1 {Riesenstark gespielt vom
Mach III: Schwarz befindet sich bereits auf der Verliererstrasse. Diesen Zug
hat der Mephisto Almeria 16bit nicht im Köcher innerhalb von 10 Min. Von
daher muss man raten, wie lange (falls überhaupt) es gehen würde, bis er c4,
den 19. Zug seiner Zugsliste, zur Hauptvariante machen würde. Jedenfalls
meint er, dass 16.c3 mit einem Plus von 0.15 das beste wäre.} dxc4 {Etwas
weniger ungünstig sieht ...Da6 aus. In Erwartung von 17.Sc3? sieht sich
Schwarz nur mit -0.33 negativ.} 17. Nxc5 Nxc5 {Nach dem unerwarteten 17.Sxc5
sieht sich der Mephisto Almeria 16bit au Turnierstufe nun -0.81, und diese
negative Bewertung ist nach rund 30 Min bei ST 5/13 auf -1.02 (bxc4) gestiegen.
} 18. bxc4 {Auch 18.Sxc5 ist eine Widerlegung. Die vom Mach III gewählte
Fortsetzung ergibt Bauerngewinn, was noch nicht entscheidend wäre, sondern
vor allem einen überwältigenden positionellen weissen Vorteil.} Qd7 {-0.81 
(dxc5) ST 6/14} 19. dxc5 Qxd2 20. Bxd2 Bxe5 {Mephisto Almeria: -1.66 (Txb7) ST
5/13} 21. Rxb7 $18 {Am Ende des Tages, nachdem sich die Lage geklärt hat,
besitzt Weiss alle Trümpfe: Mehrbauer, Beherrschung der offenen b-Linie,
Läuferpaar und einen gefährlichen Freibauer auf der c-Linie.} Ng7 22. Re1 Bd4
23. Rd7 {Der Lf3 greift nun den Ta8 an.} Rfd8 24. c6 $1 {Und schon zeigt sich
die grosse Macht des weissen Freibauern.} Bb6 25. Be3 {Hier waren Td1 oder Lg5
noch deutlich stärker.} Bxe3 26. fxe3 Nf5 27. Red1 {Weiss beherrscht das
ganze Brett.} Rf8 {Jetzt hat es mit -2.21 bei ST 5/13 (c7) auch der Almeria
68000 begriffen.} 28. c7 {Wiederum greift der Lf3 den Ta8 an.} Rac8 29. Bb7 {
Erzwingt den entscheidenden Materialgewinn, denn 29...Tce8 würde mit 30.Td8
+- beantwortet.} Kg7 30. Bxc8 Rxc8 31. Rb1 {Will auf b8 eindringen. Weshalb
der Mephisto Almeria nicht schon hier aufgibt, muss offenbleiben.} Ne7 32. Rxe7
Kf6 {***AUFGEGEBEN***} 1-0

[Event "Match 69_120'/40"]
[Site "Zürich"]
[Date "2022.??.??"]
[Round "48"]
[White "Mephisto Almeria 68000"]
[Black "Excel Mach III 68000"]
[Result "0-1"]
[WhiteElo "2079"]
[BlackElo "2021"]
[Annotator "KUT"]
[PlyCount "155"]
[EventDate "2022.??.??"]

{[%evp 0,155,19,-12,-9,0,-4,-19,-9,-9,-5,-7,15,15,19,15,13,13,6,-15,-11,-23,
-55,-45,-48,-121,-129,-160,-156,-150,-153,-154,-146,-132,-162,-153,-129,-149,
-144,-188,-120,-128,-125,-125,-118,-125,-123,-100,-78,-96,-70,-67,-74,-113,
-113,-131,-130,-144,-144,-130,-99,-134,-131,-134,-145,-143,-158,-158,-144,-140,
-154,-158,-151,-159,-128,-198,-200,-196,-206,-232,-243,-252,-229,-240,-234,
-244,-248,-235,-238,-233,-246,-243,-243,-246,-257,-284,-284,-326,-212,-273,
-286,-289,-296,-289,-286,-341,-307,-313,-323,-344,-344,-358,-373,-383,-383,
-392,-389,-407,-407,-428,-445,-436,-450,-469,-489,-526,-522,-540,-548,-570,
-591,-625,-570,-605,-611,-895,-642,-767,-648,-662,-685,-682,-688,-717,-672,
-728,-781,-814,-1065,-1479,-1522,-1764,-1279,-2668,-2896,-29983,-29984,-29989]
} 1. c4 Nf6 {Match 120'/40 | Bediener: Rolf Bühler | 48. Partie: Schwarz 
(Mach III) gewinnt | Zwischenstand: 25,5-22,5 (53,1%) für den Mephisto
Almeria 68000 | Weshalb ChessBase16 die Katalanische Eröffnung als
Bogo-Indian klassiert, muss auf einem Fehler basieren. Frühzeitig begeht der
Mephisto Almeria 68000 mit 12.Se5? einen taktischen Fehler, der ihm eine Figur
für 2 Bauern kostet. Diesen materiellen Nachteil kann Weiss nie mehr aufholen,
und selbst im Endspiel lässt sich der Fidelity Excel Mach III 68000 die
Butter nicht mehr vom Brot nehmen. So feiert das Programm von Kathe & Dan
Spracklen den dritten Sieg in Folge und verkürzt den aktuellen Zwischenstand
des Matches auf nur noch 3 Punkte Unterschied.} 2. d4 e6 3. g3 d5 4. Bg2 Be7 5.
Nf3 O-O 6. O-O Nbd7 7. Qc2 {***ENDE BUCH***} c6 8. Bf4 b6 9. Rc1 Bb7 {***ENDE
BUCH***} 10. e3 {Natürlich kein Fehler, aber eine Fortsetzung, die nicht ins
System passt, bei dem Weiss e2-e4 anstrebt. Ferner wird auch der weisse Lf4
eingemauert. So gesehen sind 10.Sc3 oder 10.Sbd2 bessere Alternativen.} dxc4
11. Qxc4 Nd5 {Der strategisch begründete Vorstoss 11...c5 verdient den Vorzug,
erhält dadurch doch der Lb7 eine schöne, offene Diagonale.} {[#]} 12. Ne5 $2
{Ein taktischer Fehler, der materiellen Nachteil zur Folge hat.} g5 13. Nxc6 $6
{Das ist noch ungünstiger als 13.e4, wie man sich rasch überzeugen kann.}
Bxc6 14. Qxc6 gxf4 15. Bxd5 exd5 16. Qxd5 fxe3 17. fxe3 {Am Ende der
Abwicklung hat Weiss 2 Bauern für seine Leichtfigur. Unter Oldies ist damit
noch keine Entscheidung gefallen.} Bg5 18. Re1 Re8 19. e4 Nf8 (19... Bh6 {
um Sf6 folgen zu lassen, ist besser} 20. Nc3 Nf6 21. Qxd8 Raxd8 22. Rad1 Ng4
$17 {und Weiss gerät langsam in Schwierigkeiten.}) 20. Nc3 Qxd5 21. Nxd5 Rac8
22. h4 Bd8 23. Re2 Ne6 24. Rd1 h5 25. e5 Kh8 $2 {[%mdl 32768] Immer wieder
dieses sinnlose "König-zieht-in-die-Ecke-Manöver" unserer Oldies, so dass
sich der Weg ins Zentrum im Endspiel unnötig verlängert. Zwischen einem
normalen Zug wie 25...Tc4 und dem Textzug geben die Engines einen Unterschied
von über 1.00 Bauerneinheiten aus.} 26. Nc3 Rc4 27. Red2 Be7 28. Nb5 $6 {
Gibt dem Gegner eine Chance, seinen Vorteil auszubauen. Der weisse König
sollte die Diagonale g1-a7 verlassen, um das Scheinopfer ...Sxd4 nebst der
Fesslung ...Lc5 zu vermeiden.} Rg8 {Es geht deutlich stärker.} (28... Rb4 $1
29. Nd6 (29. Nxa7 Nxd4 $1) 29... Bxd6 30. exd6 Rd8 31. Re1 Rxd6 $19) 29. Kh2
Bb4 30. b3 Rcc8 31. Rf2 a6 {erzwungen} 32. Nd6 Bxd6 33. exd6 Rgd8 34. Rxf7 Rxd6
{Noch immer besitzt Weiss zwei Bauern für die Leichtfigur. Aber bald wird ein
weisser Bauer fallen müssen angesichts der aktiven schwarzen Figuren.} 35. d5
Ng7 36. Kh3 Rc5 37. g4 $2 {[%mdl 32768] So kommt Weiss vom Regen in die Traufe;
37.Tb7 war angesagt.} Rc3+ 38. Kg2 hxg4 {Und schon ist ein weiterer weisser
Bauer weg.} 39. Rf4 Rc2+ 40. Kg1 {Nach g3 darf der König wegen der
Springergabel ...Sh5 nicht.} g3 41. a4 Kh7 42. Rf3 Nh5 43. Rd4 Re2 $19 {
Der schwarze Vorteil ist bereits entscheidend.} 44. Rf7+ Kg6 45. Rf3 Kh6 46.
Rc3 Rb2 47. b4 Rf6 {Das sieht auf den ersten Moment komisch aus. Und man fragt
sich, ob denn nun nicht der Vormarsch des weissen d-Bauern für Schwarz
lästig werden könnte.} 48. Rc6 ({Nein, denn nach} 48. d6 {wird Weiss
mattgesetzt} Rb1+ 49. Kg2 Rf2+ 50. Kh3 g2 51. Rd1 Rxd1 52. Rf3 g1=Q 53. Rf6+
Rxf6 54. a5 Nf4#) 48... Ra2 49. Rxf6+ Nxf6 50. d6 Nd7 51. Rg4 Rxa4 52. Kg2 Ra2+
53. Kxg3 Rd2 54. Rf4 Rxd6 $19 {Nun besitzt Schwarz eine reine Leichtfigur mehr.
} 55. Rf5 Rd4 56. Rf7 Kg6 57. Re7 Kf6 58. Rh7 Ke6 59. b5 {Verzweiflung in der
Hoffnung auf 59...axb5, wonach Schwarz wenigstens einen dummen Doppelbauer
hätte.} a5 {Selbstverständlich, denn nun hat Schwarz einen Freibauer und der
weisse b-Bauer ist so oder so zum Tode verurteilt. Nach dessen Fall machen die
schwarzen verbundenen Freibauern das Rennen ohne Probleme.} 60. Rh8 Rd5 61.
Re8+ Kf7 62. Rd8 Nf6 63. Rc8 Rxb5 $19 {Damit ist die Partie endgültig
gelaufen.} 64. Rc6 a4 65. Rc7+ Kg6 66. Rc1 a3 67. Rc2 Rb4 68. Ra2 Nh5+ 69. Kf3
Rxh4 70. Rg2+ Kf6 71. Ke3 b5 72. Rf2+ Ke5 73. Kd3 Rh3+ 74. Kd2 b4 75. Rf1 Ng3
76. Re1+ Ne4+ 77. Kc2 b3+ 78. Kb1 {***AUFGEGEBEN**} 0-1